00369nam a2200109Ia 4500008004100000245012300041260004900164260000900213300001000222500001100232650001600243170224s9999 xx 000 0 und d aMeta-accuracy and relationship quality: Weighing the costs and benefits of knowing what people really think about you. bJournal of Personality and Social Psychology c2016 a111:2 aAugust xPsychology.